000 00314nam a22001337a 4500
008 170822b xxu||||| |||| 00| 0 eng d
020 _a9780131835184
041 _aeng
080 _24TH
_a51
100 _a38
101 _aMAT
245 _aINTERMEDIATE ALGEBRA FOR COLLEGE STUDENTS
_cANGEL,A.R
942 _2udc
_cBK
999 _c24580
_d24580